Namen aller ICE 3-/ICE 3neo-Züge - Statistiken

Allgemein
  • Dieses Quiz wurde 17 mal gespielt
  • Das Durchschnittsergebnis liegt bei 25 aus 55
Antwortstatistiken
Land/Bundesland Name % Korrekt
Bayern München
93%
Bayern Augsburg
80%
Nordrhein-Westfalen Düsseldorf
80%
Baden-Württemberg Freiburg (Breisgau)
80%
Baden-Württemberg Stuttgart
80%
Niederlande Amsterdam
73%
Nordrhein-Westfalen Dortmund
73%
Nordrhein-Westfalen Duisburg
67%
Frankreich Paris
67%
Nordrhein-Westfalen Aachen
60%
Baden-Württemberg Baden-Baden
60%
Niedersachsen Göttingen
60%
Bayern Ingolstadt
60%
Baden-Württemberg Offenburg
60%
Schleswig-Holstein Westerland/Sylt
60%
Hessen Wiesbaden
60%
Nordrhein-Westfalen Mönchengladbach
53%
Nordrhein-Westfalen Siegburg
53%
Niedersachsen Wolfsburg
53%
Baden-Württemberg Aalen
47%
Bayern Fürth
47%
Baden-Württemberg Konstanz
47%
Schleswig-Holstein Lübeck
47%
Nordrhein-Westfalen Oberhausen
47%
Bayern Ansbach
40%
- Europa/Europe
40%
Nordrhein-Westfalen Krefeld
40%
Nordrhein-Westfalen Leverkusen
40%
Rheinland-Pfalz Montabaur
40%
Nordrhein-Westfalen Münster (Westfalen)
40%
Nordrhein-Westfalen Recklinghausen
40%
Schweiz Schaffhausen
40%
Baden-Württemberg Singen (Hohentwiel)
40%
Saarland St. Ingbert
40%
Baden-Württemberg Weil (Rhein)
40%
Baden-Württemberg Esslingen (Neckar)
33%
Niedersachsen Goslar
33%
Nordrhein-Westfalen Rheinland
33%
Nordrhein-Westfalen Siegen
33%
Nordrhein-Westfalen Solingen
33%
Bayern Treuchtlingen
33%
Baden-Württemberg Tuttlingen
33%
Nordrhein-Westfalen Bergisch Gladbach
27%
Niedersachsen Celle
27%
Rheinland-Pfalz Linz (Rhein)
27%
Bayern Mittenwald
27%
Bayern Neu-Ulm
27%
Bayern Dillingen an der Donau
20%
Bayern Murnau (Staffelsee)
20%
Bayern Nördlingen
20%
Baden-Württemberg Ravensburg
20%
Hessen Waldecker Land
20%
Bayern Weilheim (Oberbayern)
20%
Nordrhein-Westfalen Schwerte (Ruhr)
13%
Nordrhein-Westfalen Herford
7%
Keine übereinstimmenden Quizze gefunden
Verteilung der Resultate
Anzahl Personen mit jedem Resultat
Perzentil nach korrekt beantworteten Fragen
Ihre Resultats-Entwicklung
Sie haben dieses Quiz noch nicht gespielt